000 00746nam a2200289Ia 4500
005 20260324115356.0
008 008 260324s9999 xx 000 0 eng d
020 _a9781003442844
037 _aEBOOK
040 _aCRL
040 _beng
040 _cCRL
041 _2eng
041 _aeng
084 _qCRL
100 _aCharla S. Long; Amy Laitinen; Deborah J. Bushway; Laurie Dodge
_91154417
245 2 _aA Leader's Guide to Competency-Based Education
245 0 _bFrom Inception to Implementation
260 _bTaylor and Francis
260 _c2018
365 _a
365 _b230
856 _uhttp://www.taylorfrancis.com/books/9781003442844
942 _cEBOOK
999 _c1745262
_d1745262